000 00635nam a2200241Ia 4500
003 OSt
005 20221007073440.0
006 a|||||r|||| 00| 0
007 ta
008 221006b |||||||| |||| 00| 0 eng d
024 _a8,728
037 _cTextual
040 _aFLL
_cFLL
_beng
041 _2eng
_aeng
082 _aZ2,881y73, L1.8
100 _aMalik S.
_9103960
245 0 _aComplete digest of supreme court cases
260 _aLucknow
_bEastern Book Company India
_c1971
300 _axv,763p
_ccm.
490 _v8
942 _hZ2,881y73, L1.8
_cTEXL
_2CC
999 _c1148775
_d1148775